| 000 | 00574 a2200169 4500 | ||
|---|---|---|---|
| 003 | Nust | ||
| 005 | 20230119183705.0 | ||
| 040 | _cNust | ||
| 082 | _a808.82,HAR | ||
| 100 |
_aHardy, Thomas _927910 |
||
| 245 |
_aThe Return of the native / _cThomas Hardy |
||
| 260 |
_aLondon _bMacmillan _c1934 |
||
| 300 | _a481:p | ||
| 505 | _aThe Three Woman (Page-1), The Arrival (Page-121), The Return of the Native (Page-133), The Fascination (Page-195), The Closed Door (Page-279), The Discovery (Page-361), AfterCourses (Page-449). | ||
| 650 |
_aA Novel _9107173 |
||
| 942 |
_2ddc _cBK |
||
| 999 |
_c186895 _d186895 |
||